000 00615nam a22001577a 4500
003 OSt
005 20150915153951.0
008 150915b xxu||||| |||| 00| 0 eng d
040 _cRUA
082 _aAGR TOU 2002 B028 Or.1
100 _9533
_aTOURN, BUNRETH.
245 _aThe effect comparetion of storage methods on grain quality ការសិក្សាប្រៀបធៀបប្រសិទ្ធិភាពនៃវិធីសាស្ដ្រទុកដាក់ទៅលើគុណភាពគ្រាប់
260 _aPhnom Penh
_bRUA
_c2002
300 _a51p.
_bill.
_c29cm.
942 _2ddc
_cAGR
999 _c511
_d511